000 01753nam0a2200337 4500
001 RU\NLR\bibl\1352312
005 20260407081008.0
010 _a978-5-86443-144-3
_9500
021 _aRU
_b2009-9497
_9551
035 _a(NLR Aleph) 001337383
090 _a838863
_c838863
100 _a20090406d2008 |||y0rusy50 ca
101 0 _arus
_dfre
102 _aRU
105 _aabch|||||||||
200 1 _aАрхив наследия-2007
_e[сборник статей]
_fФедер. агентство по культуре и кинематографии, Рос. НИИ культур. и природ. наследия имени Д.С. Лихачева
_g[сост. В.И. Плужников]
210 _aМосква
_cРоссийский научно-исследовательский институт культурного и природного наследия
_d2008
215 _a302 с.
_cил., факс., портр., карт.
_d20
300 _aРез. на фр. яз.
320 _aБиблиогр. в примеч. в конце ст.
320 _aИмен. указ.: с. 263-278
320 _aУказ. геогр. назв.: с. 279-294
607 _aРоссия
_jСборники
_xИстория
_91554184
_3RU\NLR\auth\66979780
686 _aТ3(2)я43
702 1 _4220
_7ca
_8rus
_aПлужников
_bВ. И.
_cканд. искусствоведения
_f1938-
_gВладимир Иванович
_9177849
_3RU\NLR\AUTH\770177900
712 0 2 _4570
_aРоссийский НИИ культурного и природного наследия им. Д. С. Лихачева
_3RU\NLR\AUTH\886634
_9285147
801 0 _aRU
_bNLR
_c20090406
_gRCR
801 1 _aRU
_bNLR
_c20090406
942 _cBOOK
980 _aNB